Statistiques concernant Plus grandes villes de Californie

Cliquez ici pour prendre le quiz!

Statistiques générales

  • Ce quiz a été pris 629 fois
    (527 depuis la dernière actualisation)
  • Le résultat moyen est 7 sur 20

Réponses sur la Carte

Les réponses sont colorées sur une échelle allant du rouge au vert en fonction du pourcentage des utilisateurs qui les ont devinées à leur premier essai. Vous pouvez retrouver ces pourcentages ci-dessous.
 

Statistiques - réponses

PopulationVille% Correct
3 979 576Los Angeles
100%
881 549San Francisco
92%
1 423 851San Diego
82%
513 624Sacramento
73%
1 021 795San José
56%
433 031Oakland
38%
462 628Long Beach
29%
531 576Fresno
28%
350 365Anaheim
27%
384 145Bakersfield
18%
215 784San Bernardino
18%
331 360Riverside
14%
332 318Santa Ana
14%
287 401Irvine
13%
312 697Stockton
12%
215 196Modesto
11%
274 492Chula Vista
10%
241 110Fremont
9%
214 547Fontana
6%
213 055Moreno Valley
4%

Distribution des résultats

Percentile par nombre de réponses

% des personnes avec chaque résultat

Votre développement - résultats

Vous n’avez pas pris ce quiz depuis la dernière actualisation